000 00872nam a2200253Ia 4500
003 OSt
005 20220923223006.0
006 a|||||r|||| 00| 0
007 ta
008 220922b |||||||| |||| 00| 0 hin d
024 _a209,718
037 _cTextual
040 _aARTS
_cARTS
_bhin
041 _2hin
_ahin
082 _aO152,3NGU,TK, M7
100 _aगुप्त, रमेश चंद्र; गुप्त, कुसुम
_9167253
245 0 _aतट की तलाश
246 _aTaṭ kī talāsha
260 _aदिल्ली
_b प्रभात प्रका0
_c1987
300 _a267पृ.
_ccm.
650 _aहिन्दी साहित्य
_9156264
942 _hO152,3NGU,TK, M7
_cTEXL
_2CC
999 _c360267
_d360267